| 000 | 00433nam a2200157 i 4500 | ||
|---|---|---|---|
| 001 | 57439 | ||
| 003 | ES-MaACL | ||
| 005 | 20230906163558.0 | ||
| 007 | t| | ||
| 008 | 031016s1963 sp ||||1| spa d | ||
| 100 | 1 |
_aDrogat, Noël. _945653 |
|
| 245 | 1 | 0 |
_aEconomía rural y alimento de hombres / _cN. Drogat. |
| 260 |
_aBilbao : _bDesclée de Brouwer, _c[1963] |
||
| 300 |
_a206 p. ; _c21 cm. |
||
| 852 |
_aES-MaACL _jC-24546 _bR.51448 |
||
| 999 |
_c57439 _d57439 |
||